000 00343 a2200121 4500
001 ART_2324
005 20260410161725.0
008 260409a
245 1 0 _aToffler 1985
100 1 _aSerra, Roberto
700 1 _aHermida, Jorge Alfredo
773 0 _tAdministración de empresas
_g- Año XVI, Nº 186 (sep. 1985)
_wREV2036
999 _c17293
_d17293